| 000 | 02059nam a22003737a 4500 | ||
|---|---|---|---|
| 001 | 42835 | ||
| 003 | gtgccic | ||
| 005 | 20251027155212.0 | ||
| 007 | ta | ||
| 008 | 251027b gt ||||| |||| 00| 0 spa d | ||
| 040 |
_agtgccic _bspa _cgtgccic _erda |
||
| 084 | _0TPI-15-0088 | ||
| 100 | 1 | 0 |
_aLuis Enrique Contreras Illera _dIngeniero de Minas _eautor |
| 245 | 1 | 0 |
_aConsideraciones geotécnicas en la construcción de 200 metros de túnel de la mina ¨Escobal¨, en el nivel 1265, _bubicado en el municipio de San Rafael Las Flores, departamento de Santa Rosa, Guatemala / _cContreras Illera, Luis Enrique |
| 264 | 1 |
_aGuatemala, Guatemala : _bUSAC, Facultad de Ingeniería ; _c2015.- |
|
| 300 |
_axxxii, 134 p. : _bil. ; _c27 cm |
||
| 336 |
_2rdacontenido _aTexto _btxt |
||
| 337 |
_2rdamedio _asin mediación _bn |
||
| 338 |
_2rdasoporte _avolumen _bnc |
||
| 502 |
_aTesis Postgrado _bMAESTRO EN INGENIERÍA GEOTÉCNICA _cUSAC, Facultad de Ingeniería, Escuela de Postgrado _d2015 _oTPI-15-0088 |
||
| 504 | _aBibliografía pag. 125 | ||
| 505 | _t1. GENERALIDADES DE LA MINA ESCOBAL | ||
| 505 | _t2. ASPECTOS GEOLÓGICOS Y ESTRUCTURALES | ||
| 505 | _t3. PROCESO FÍSICO DE LA CONSTRUCCIÓN DEL TUNEL | ||
| 505 | _t4. CONSIDERACIONES GEOTÉCNICAS CONCEPTUALES GENERALES | ||
| 505 | _t5. RESULTADOS DE LOS ANÁLISIS DE MECÁNICA DE ROCAS | ||
| 505 | _t6. PRESENTACIÓN Y DISCUSIÓN DE RESULTADOS | ||
| 520 | 3 | _aLa investigación compila una serie de estudios geotécnicos, para evaluar un tramo crítico, dentro del túnel de la mina Escobal. Dichos estudios, presentan las consideraciones geotécnicas generales, que las obras subterráneas de cualquier tipo deben preveer y llevar a cabo. La sección típica de este túnel es de 5 m de ancho por 6 m de altura, tipo bóveda. El sostenimiento que utiliza de manera general es de electromalla, pernos de anclaje o bulones y concreto lanzado. | |
| 650 | _aTÚNELES | ||
| 650 | _aMINA DE PLATA | ||
| 700 |
_aMSc. Ing. Julio Roberto Luna Aroche _easesor |
||
| 942 |
_2ddc _cTPS |
||
| 945 | _aamlo | ||
| 999 |
_c2443 _d2443 |
||